[Event "Bayern-ch Seniors op 27th"]
[Site "Bergen"]
[Date "2015.06.15"]
[Round "3"]
[White "Sandner, Josef"]
[Black "Baumgartner, Andreas"]
[Result "0-1"]
[WhiteElo "1507"]
[BlackElo "1677"]
[PlyCount "112"]
[EventDate "2015.06.15"]
[EventType "swiss"]
[EventRounds "9"]
[EventCountry "GER"]
[SourceTitle "EXT 2019"]
[Source "ChessBase"]
[SourceDate "2018.10.10"]
[SourceVersion "1"]
[SourceVersionDate "2018.10.10"]
[SourceQuality "1"]

1. d4 d5 2. e3 Nf6 3. f4 e6 4. Bd3 c5 5. c3 Nc6 6. Nf3 Be7 7. 0-0 0-0 8. Bd2 Ne4 9. Be1 f5 10. Nbd2 Qe8 11. Ne5 Nxe5 12. fxe5 g5 13. Be2 g4 14. g3 Bd7 15. Nxe4 dxe4 16. c4 Bg5 17. Bd2 b6 18. b3 Bc6 19. Bc1 Rd8 20. Qe1 cxd4 21. exd4 Bxc1 22. Rxc1 Rxd4 23. Qc3 Rd8 24. Rcd1 Qe7 25. Rxd8 Rxd8 26. Rd1 Qc5+ 27. Kf1 Rxd1+ 28. Bxd1 b5 29. Be2 bxc4 30. Qc1 Qxe5 31. Qg5+ Qg7 32. Qd8+ Qf8 33. Qg5+ Kh8 34. Bxc4 Bd5 35. Be2 h6 36. Qf4 Qg7 37. Qb8+ Kh7 38. Qf4 e3 39. Qxe3 Qa1+ 40. Kf2 Qxa2 41. Qd3 Qxb3 42. Qd4 Qb6 43. Ke3 Qxd4+ 44. Kxd4 Kg6 45. Ke5 Kg5 46. Bd3 Bb3 47. Be2 h5 48. Bd3 a5 49. Kd4 f4 50. Kc3 Bd5 51. Bb5 fxg3 52. hxg3 h4 53. gxh4+ Kxh4 54. Kd2 g3 55. Ke1 Kh3 56. Kf1 Kh2 0-1

[Event "Bayern-ch Seniors 25th"]
[Site "Bergen"]
[Date "2013.06.20"]
[Round "7.33"]
[White "Rudek, Gerald"]
[Black "Baumgartner, Andreas"]
[Result "1/2-1/2"]
[WhiteElo "1435"]
[BlackElo "1663"]
[PlyCount "139"]
[EventDate "2013.06.15"]
[EventType "swiss"]
[EventRounds "9"]
[EventCountry "GER"]
[SourceTitle "EXT 2022"]
[Source "ChessBase"]
[SourceDate "2021.10.06"]
[SourceVersion "1"]
[SourceVersionDate "2021.10.06"]
[SourceQuality "1"]

1. e4 c5 2. Nf3 d6 3. d4 cxd4 4. Nxd4 Nf6 5. Nc3 a6 6. f3 b5 7. Be3 Bb7 8. Bd3 e6 9. Qd2 Be7 10. 0-0 0-0 11. Kh1 Nbd7 12. Nb3 Nc5 13. Nxc5 dxc5 14. Qf2 c4 15. Be2 Rc8 16. Rfd1 Qc7 17. Rd2 Qc6 18. Bf1 Rfd8 19. Rad1 Rxd2 20. Rxd2 Rd8 21. Rxd8+ Bxd8 22. Ne2 e5 23. Ng3 g6 24. c3 Qd6 25. Be2 Nd7 26. Nf1 Nb6 27. Bc5 Qf6 28. Qe3 Nd7 29. Ba3 Bb6 30. Qd2 Qe6 31. Ne3 Nf6 32. Nc2 Qd7 33. Qxd7 Nxd7 34. b3 cxb3 35. axb3 Kg7 36. c4 bxc4 37. Bxc4 g5 38. h3 h5 39. Bc1 g4 40. hxg4 hxg4 41. Kh2 gxf3 42. gxf3 Bc7 43. Ne3 Bd8 44. Nf5+ Kf6 45. Nd6 Bc6 46. Nxf7 Bc7 47. Nh6 Bb5 48. Ng4+ Kg7 49. Bb2 Bxc4 50. bxc4 Kf7 51. Kg2 Ke6 52. Kf1 Nb6 53. Ne3 Bd6 54. Ke2 Bc5 55. Ng4 Nxc4 56. Bc3 Bd6 57. Kd3 Nb6 58. Ba5 Nd7 59. Kc4 Nf8 60. Ne3 Ng6 61. Nf1 Nh4 62. Nd2 Ng2 63. Bb6 Be7 64. Bf2 a5 65. Kb3 Nf4 66. Ka4 Bd8 67. Nc4 Nd3 68. Be3 Nc5+ 69. Kb5 Nd3 70. Nxa5 1/2-1/2

[Event "Bayern-ch Seniors 22nd"]
[Site "Bergen"]
[Date "2010.06.15"]
[Round "4"]
[White "Baumgartner, Andreas"]
[Black "Rudek, Gerald"]
[Result "0-1"]
[WhiteElo "1646"]
[BlackElo "1541"]
[PlyCount "104"]
[EventDate "2010.06.12"]
[EventType "swiss"]
[EventRounds "9"]
[EventCountry "GER"]
[SourceTitle "EXT 2011"]
[Source "ChessBase"]
[SourceDate "2010.11.26"]
[SourceVersion "1"]
[SourceVersionDate "2010.11.26"]
[SourceQuality "1"]

1. d4 Nf6 2. c4 g6 3. Nc3 d5 4. e3 Bg7 5. Nf3 0-0 6. Be2 a6 7. c5 b6 8. cxb6 cxb6 9. 0-0 b5 10. a3 Nbd7 11. b3 Bb7 12. Bb2 Rc8 13. Rc1 Re8 14. Bd3 e5 15. dxe5 Nxe5 16. Nxe5 Rxe5 17. Nxb5 Rh5 18. Rxc8 Bxc8 19. Bxf6 Bxf6 20. Nd4 Bxd4 21. exd4 Qh4 22. f3 Qxh2+ 23. Kf2 Rg5 24. Rg1 Qh4+ 25. Ke3 Rh5 26. g3 Qe7+ 27. Kf2 Qxa3 28. g4 Qb2+ 29. Be2 Rh2+ 30. Rg2 Rh6 31. Qd3 g5 32. Qe3 Re6 33. Qd3 a5 34. Qd1 Ba6 35. Kf1 Bxe2+ 36. Rxe2 Rxe2 37. Qxe2 Qxe2+ 38. Kxe2 Kg7 39. Ke3 Kg6 40. f4 f5 41. Kf3 gxf4 42. Kxf4 fxg4 43. Kxg4 h5+ 44. Kf4 Kf6 45. Kf3 Kf5 46. Ke3 h4 47. Kf3 h3 48. Kg3 Ke4 49. Kxh3 Kxd4 50. Kg3 Kd3 51. Kf3 d4 52. Kf2 Kd2 0-1

[Event "Bayern-ch Seniors 21st"]
[Site "Bergen"]
[Date "2009.06.25"]
[Round "6"]
[White "Baumgartner, Andreas"]
[Black "Levin, Benjamin"]
[Result "0-1"]
[WhiteElo "1650"]
[BlackElo "1686"]
[PlyCount "88"]
[EventDate "2009.06.20"]
[EventType "swiss"]
[EventRounds "9"]
[EventCountry "GER"]
[SourceTitle "EXT 2015"]
[Source "ChessBase"]
[SourceDate "2014.11.20"]
[SourceVersion "1"]
[SourceVersionDate "2014.11.20"]
[SourceQuality "1"]

1. d4 Nf6 2. c4 g6 3. Nc3 d5 4. e3 Bg7 5. Nf3 0-0 6. Bd3 c6 7. 0-0 Nbd7 8. Re1 dxc4 9. Bxc4 c5 10. Qe2 cxd4 11. exd4 Nb6 12. Bb3 e6 13. h3 a6 14. Be3 Nbd5 15. Nxd5 Nxd5 16. Bg5 Qd6 17. Qd2 b6 18. Bh4 Bb7 19. Bg3 Qd8 20. Rac1 Rc8 21. a3 Qd7 22. Ne5 Bxe5 23. dxe5 Rxc1 24. Rxc1 Rc8 25. Rd1 Qc6 26. f3 Ne7 27. Bh4 Nf5 28. Bf6 Qc5+ 29. Kh2 h5 30. Re1 Qd4 31. Qxd4 Nxd4 32. Ba2 Bxf3 33. Bg5 Rc2 34. Kg3 Rxg2+ 35. Kf4 Rxb2 36. Bc4 Bc6 37. Bxa6 Nf5 38. Bd8 Kf8 39. Be2 Ke8 40. Bc7 Kd7 41. Bb8 Kc8 42. Bd6 Nxd6 43. exd6 Kd7 44. Ke5 Rd2 0-1

[Event "Bayern-ch Seniors 21st"]
[Site "Bergen"]
[Date "2009.06.24"]
[Round "5"]
[White "Jagdhuber, Hans"]
[Black "Baumgartner, Andreas"]
[Result "1-0"]
[WhiteElo "1963"]
[BlackElo "1650"]
[PlyCount "101"]
[EventDate "2009.06.20"]
[EventType "swiss"]
[EventRounds "9"]
[EventCountry "GER"]
[SourceTitle "EXT 2015"]
[Source "ChessBase"]
[SourceDate "2014.11.20"]
[SourceVersion "1"]
[SourceVersionDate "2014.11.20"]
[SourceQuality "1"]

1. c4 Nf6 2. g3 e6 3. Bg2 d5 4. b3 Be7 5. Nf3 0-0 6. Bb2 c5 7. 0-0 Nc6 8. e3 Qc7 9. Nc3 dxc4 10. bxc4 a6 11. Qe2 Rd8 12. Rfd1 e5 13. d3 h6 14. h3 Be6 15. Rab1 Rab8 16. e4 Nd4 17. Nxd4 cxd4 18. Nd5 Nxd5 19. exd5 Bf5 20. Rbc1 Bc5 21. Re1 Re8 22. g4 Bg6 23. h4 f6 24. Be4 Bxe4 25. Qxe4 b6 26. Kg2 Qf7 27. Rh1 h5 28. f3 Rf8 29. Rcg1 Bd6 30. Rh3 f5 31. gxf5 Qxf5 32. Rg3 Qxe4 33. fxe4 Rf4 34. Kh3 Rg4 35. Rxg4 hxg4+ 36. Rxg4 Kf7 37. Rg2 b5 38. cxb5 Rxb5 39. Kg4 g6 40. h5 gxh5+ 41. Kxh5 Rb8 42. Rf2+ Ke7 43. Bc1 Rh8+ 44. Kg4 Rg8+ 45. Bg5+ Kd7 46. Rf7+ Ke8 47. Ra7 Rf8 48. Ra8+ Kf7 49. Rxf8+ Kxf8 50. Kf5 Kf7 51. Bh4 1-0

[Event "Bayern-ch Seniors 21st"]
[Site "Bergen"]
[Date "2009.06.23"]
[Round "4"]
[White "Baumgartner, Andreas"]
[Black "Purwin, Heinz"]
[Result "1-0"]
[WhiteElo "1650"]
[BlackElo "1537"]
[PlyCount "81"]
[EventDate "2009.06.20"]
[EventType "swiss"]
[EventRounds "9"]
[EventCountry "GER"]
[SourceTitle "EXT 2015"]
[Source "ChessBase"]
[SourceDate "2014.11.20"]
[SourceVersion "1"]
[SourceVersionDate "2014.11.20"]
[SourceQuality "1"]

1. d4 Nf6 2. c4 d5 3. Nc3 c6 4. e3 Bf5 5. Nf3 e6 6. cxd5 exd5 7. Be2 Bd6 8. h3 Nbd7 9. 0-0 Bg6 10. Bd2 0-0 11. Rc1 Re8 12. Ne1 Ne4 13. Nxe4 Bxe4 14. f3 Bg6 15. Bd3 f5 16. f4 Nf6 17. Nf3 Ne4 18. Be1 Be7 19. Ne5 Qd6 20. a3 Qe6 21. Qb3 Rab8 22. Bxe4 fxe4 23. g4 Bf7 24. f5 Qc8 25. Bg3 Ra8 26. Kg2 h5 27. Nxf7 Kxf7 28. gxh5 Rh8 29. Qd1 Qe8 30. Qg4 Kf8 31. Be5 Bf6 32. Bd6+ Kg8 33. Be5 Qxh5 34. Bxf6 Qxg4+ 35. hxg4 gxf6 36. Rh1 Kg7 37. Kg3 a5 38. Kf4 Rac8 39. g5 a4 40. gxf6+ Kxf6 41. Rcg1 1-0

[Event "Bayern-ch Seniors 20th"]
[Site "Bergen"]
[Date "2008.06.13"]
[Round "7.29"]
[White "Janzen, Christian"]
[Black "Baumgartner, Andreas"]
[Result "1/2-1/2"]
[WhiteElo "1600"]
[BlackElo "1707"]
[PlyCount "58"]
[EventDate "2008.06.07"]
[EventType "swiss"]
[EventRounds "9"]
[EventCountry "GER"]
[SourceTitle "EXT 2022"]
[Source "ChessBase"]
[SourceDate "2021.10.06"]
[SourceVersion "1"]
[SourceVersionDate "2021.10.06"]
[SourceQuality "1"]

1. e4 c6 2. d4 d5 3. Nc3 dxe4 4. Nxe4 Bf5 5. Ng3 Bg6 6. c3 e6 7. Nf3 Nd7 8. Bd3 Bxd3 9. Qxd3 Ngf6 10. 0-0 Be7 11. Bf4 0-0 12. Rfd1 Qb6 13. Qc2 h6 14. Ne5 Rad8 15. Nc4 Qa6 16. b3 Nd5 17. Bd2 c5 18. Be3 Nxe3 19. Nxe3 Nf6 20. Qe2 Qa5 21. Rd3 cxd4 22. cxd4 Rd7 23. Rad1 Rfd8 24. Nc4 Qa6 25. Ne5 Rd5 26. R3d2 Qxe2 27. Nxe2 Ne4 28. Rd3 Bf6 29. Ng4 Be7 1/2-1/2

[Event "Bayern-ch Seniors 20th"]
[Site "Bergen"]
[Date "2008.06.11"]
[Round "5.19"]
[White "Beck, Gerhard"]
[Black "Baumgartner, Andreas"]
[Result "1/2-1/2"]
[WhiteElo "1892"]
[BlackElo "1707"]
[PlyCount "75"]
[EventDate "2008.06.07"]
[EventType "swiss"]
[EventRounds "9"]
[EventCountry "GER"]
[SourceTitle "EXT 2022"]
[Source "ChessBase"]
[SourceDate "2021.10.06"]
[SourceVersion "1"]
[SourceVersionDate "2021.10.06"]
[SourceQuality "1"]

1. Nf3 Nf6 2. b3 d5 3. Bb2 e6 4. e3 c5 5. d4 Nc6 6. Bd3 cxd4 7. exd4 Be7 8. 0-0 0-0 9. Re1 Nb4 10. Bf1 Bd7 11. c3 Nc6 12. Bd3 a6 13. Nbd2 Na7 14. Ne5 Bb5 15. c4 dxc4 16. bxc4 Be8 17. Re3 Nc6 18. Nb3 g6 19. f4 Nxe5 20. fxe5 Nh5 21. Be4 Bc6 22. d5 exd5 23. cxd5 Bg5 24. Re1 Bb5 25. Qd4 Bh6 26. a4 Bd7 27. Bf3 Bg7 28. g4 Qg5 29. Bc1 Qh4 30. Qf2 Qxf2+ 31. Kxf2 Nf6 32. exf6 Bxf6 33. Ra2 Bh4+ 34. Kf1 Bxe1 35. Kxe1 Rfe8+ 36. Kf2 Rac8 37. a5 Rc3 38. Ra3 1/2-1/2